Sistemas operativos / Abraham Silberschatz, Peter Galvin, Greg Gagne (Registro nro. 18318)
[ vista simple ]
| 000 -LÍDER | |
|---|---|
| fixed length control field | 00544nam a2200169 4500 |
| 008 - ELEMENTOS DE LONGITUD FIJA -- INFORMACIÓN GENERAL | |
| fixed length control field | 0 2002 0ant 000 0MEX |
| 020 ## - NÚMERO INTERNACIONAL NORMALIZADO PARA LIBROS | |
| ISBN | 968-18-6168-X |
| 050 ## - SIGNATURA TOPOGRAFICA DE LA BIBLIOTECA DEL CONGRESO (LC) | |
| Número de Clasificación | QA76 76O63 S447 2002 |
| 082 ## - NUMERO DE CLASIFICACION DECIMAL DEWEY | |
| Número de Clasificación | 001.64 S582s |
| 100 ## - ASIENTO PRINCIPAL--NOMBRE PERSONAL | |
| Nombre personal | Silberschatz, Abraham |
| 245 ## - TÍTULO | |
| Título | Sistemas operativos / Abraham Silberschatz, Peter Galvin, Greg Gagne |
| 250 ## - MENCIÓN DE EDICIÓN | |
| Mención de edición | 6 / reimp. 2004. |
| 260 ## - PUBLICACIÓN, DISTRIBUCIÓN, ETC. (PIE DE IMPRENTA) | |
| Lugar de publicación, distribución, etc. | México : Limusa |
| 300 ## - DESCRIPCIÓN FÍSICA | |
| Extensión | 840 p. / 24 cm. |
| 650 ## - ASIENTO SECUNDARIO DE MATERIA - TERMINO TEMÁTICO | |
| Término temático o nombre geográfico como elemento de entrada | 1.SISTEMAS OPERATIVOS (COMPUTADORAS) |
| 700 ## - ASIENTO SECUNDARIO - NOMBRE PERSONAL | |
| Nombre personal | Galvin, Peter, Coaut. \ Gagne, Greg. Coaut. |
| No. biblioteca | No. biblioteca | Número de clasificación | Código de barras/Número de adquisición | Número de copia | Tipo de material |
|---|---|---|---|---|---|
| LUIS G. INCLAN | LUIS G. INCLAN | 001.64 S582s | 44056 | 1 | Libros |
| LUIS G. INCLAN | LUIS G. INCLAN | 001.64 S582s | 45006 | 2 | Libros |
| LUIS G. INCLAN | LUIS G. INCLAN | 001.64 S582s | 46855 | 3 | Libros |
